Wszystkie piosenki Bedoesa - Statystyki

Ogólne statystyki
  • Ten quiz został rozwiązany 2 688 razy
  • Średni wynik to 29 z 70
Statystyki odpowiedzi
Hint Odpowiedź % Poprawnych
Opowieści z doliny smoków
81%
OZDS 1998 (mam to we krwi)
72%
Kwiat Polskiej Młodzieży
72%
Smoki
70%
Rewolucja Romantyczna
68%
Jesteś ładniejsza niż na zdjeciach (na zawsze)
66%
Biały i młody
64%
Doda :*
64%
VOGUE
64%
05:05
63%
Janosik
63%
Wschód (lubię zapierdalać)
61%
Lesbijki
60%
Chłopaki nie płaczą
59%
Delfin
59%
Łzy (pierwszy kawałek na tej płycie)
58%
Brzydkie rzeczy
54%
FPS
54%
RR Intro
54%
TOA$T /
54%
Nadchodzi lato
52%
Gady
48%
Mbappé /
48%
Playboy (dla Lanka)
47%
City Boy :*
46%
Gang, gang, gang
46%
1000 Koni
45%
Fresh Prince (trill 4ever)
44%
Toy Story
44%
Aby śmierć miała znaczenie
43%
SAUVAGE
42%
Tarzan
42%
Bardzo przepraszam
41%
Napad
41%
Chrome Hearts /
40%
Wow
40%
Nawiedzony Dom
39%
Polaco (to też)
39%
Fendi (poznaliśmy się w studio)
38%
Śnieg
38%
Rivendell
37%
Frenezja Romantyczna :*
36%
Tatuaże i Striptiz /
36%
Michelangelo
35%
NBP /
35%
NFZ
33%
Hardcore Pleasure
32%
Tajemnice Atlantydy /
32%
Anarchia 2019 (zawsze chciałem to zrobić)
31%
Anioły
31%
Gdzie jest Eis? (to dla Was)
31%
Givenchy
31%
NIEWIEŚCIN BYDGOSZCZ /
31%
Hymn
26%
KPM Introdukcja
26%
Moi Ludzie /
26%
Gretzkii /
25%
Mercedes GLE Coupe
25%
Marseille :*
23%
Vivienne Westwood :*
23%
Wędrowiec Nad Morzem Mgły /
23%
Papito
22%
Kolega brata rapera
21%
Typie
20%
C'est la vie
19%
Raz
19%
Jon Snow
18%
DM
14%
AŚMZ Łk 1, 46-55
13%
Bukiet Białych Róż (SQUADSHIT #13) /
11%
Nie znaleziono quizów pasujących do podanych kryteriów
Rozkład punktacji
Procent ludzi z każdym wynikiem
Percentyl według liczby udzielonych odpowiedzi
Twoja historia wyników
Nie rozwiązałeś tego quizu